000 00810cam a22002773a 4500
001 4277
003 PGUSA
005 20140828083051.0
008 030701s2003||||xxu|||||s|||||000 | eng d
040 _aPGUSA
_beng
042 _adc
050 4 _aG
100 1 _aDana, Richard Henry,
_d1815-1882
245 1 0 _aTwo Years Before the Mast
_h[electronic resource] /
_cRichard Henry Dana
260 _bProject Gutenberg,
_c2003
500 _aSee also PG#2055 with Introduction by Homer Eaton Keyes
506 _aPublic domain in the USA.
516 _aElectronic text
653 _aSeafaring life
653 _aVoyages and travels
653 _aDana, Richard Henry, 1815-1882
653 _aSailors
830 0 _aProject Gutenberg
_v4277
856 4 0 _uhttp://www.gutenberg.org/ebooks/4277
942 _cEB
999 _c233606
_d233606